Giáo trình tiếng Hán Dùng cho học sinh năm thứ nhất khoa Trung Văn T.4 Giáo trình tiếng Hán

Salvato in:
Dettagli Bibliografici
Autore principale: Khương Ngọc Toản (Ch.b)
Altri autori: Nguyễn Đức Sâm (B.s), Nguyễn Huy Hoan (B.s), Vũ Đình Tư (B.s)
Natura: Libro
Lingua:Vietnamese
Pubblicazione: H. Giáo dục 1978
Soggetti:
Tags: Aggiungi Tag
Nessun Tag, puoi essere il primo ad aggiungerne! !
Thư viện lưu trữ: Mạng thư viện Đại học Đà Nẵng
LEADER 01350nam a2200397 4500
001 000009785
003 5983
005 20111114151140.0
008 111102s1978 viesd
020 |c 0đ 
041 0 |a vie 
082 |a 495.1  |b KH-T 
100 0 |a Khương Ngọc Toản 
245 1 0 |a Giáo trình tiếng Hán  |b Dùng cho học sinh năm thứ nhất khoa Trung Văn  |c Khương Ngọc Toản  |n T.4  |p Giáo trình tiếng Hán 
260 |a H.  |b Giáo dục  |c 1978 
300 |a 161 tr.  |c 19 cm 
500 |a Trường Đại học Sư phạm ngoại ngữ Hà Nội 
653 |a Tiếng Hán 
653 |a Giáo trình 
653 |a Tập 4 
700 |a Nguyễn Đức Sâm  |e B.s 
700 |a Nguyễn Huy Hoan  |e B.s 
700 |a Vũ Đình Tư  |e B.s 
700 |a Khương Ngọc Toản  |e Ch.b 
773 |t Giáo trình tiếng Hán  |w 5982 
910 |a duyên 
OWN |a LSP 
AVA |a UDN50  |b LSP  |d 495.1 KH-T  |e available  |t Error 5001 Not defined in file expand_doc_bib_avail.  |f 7  |g 1  |h N  |i 0  |k 1 
999 |a From the UDN01 
AVA |a UDN50  |b LSP  |d 495.1 KH-T  |e available  |t Error 5001 Not defined in file expand_doc_bib_avail.  |f 7  |g 1  |h N  |i 0  |k 1 
TYP |a Monograph 
TYP |a Printed language 
980 |a Mạng thư viện Đại học Đà Nẵng